[Event "Team G15 chess final 2018"]
[Site "Sochi"]
[Date "2018.05.05"]
[Round "4.1"]
[White "Balalaeva, Agata"]
[Black "Mikhailova, Yuliya"]
[Result "0-1"]
[WhiteElo "1018"]
[BlackElo "1959"]
[PlyCount "52"]
[EventDate "2018.05.01"]

1. e4 c5 2. Bc4 e6 3. Nc3 Nc6 4. Nf3 a6 5. a4 Nf6 6. O-O d6 7. Re1 Be7 8. d4
cxd4 9. Nxd4 Bd7 10. f4 Qc7 11. Qe2 Nxd4 12. Qd3 Nc6 13. Qe3 O-O 14. Qg3 Rfd8
15. Rf1 Na5 16. Be2 Rac8 17. f5 exf5 18. exf5 d5 19. Bh6 Qxg3 20. hxg3 gxh6 21.
Rad1 Bc6 22. Bf3 Nc4 23. Rfe1 Bc5+ 24. Kh2 Nxb2 25. Rb1 Nc4 26. Rbd1 Bb4 0-1

[Event "Team G15 chess final 2018"]
[Site "Sochi"]
[Date "2018.05.05"]
[Round "4.2"]
[White "Izbekova, Evdokia"]
[Black "Potatueva, Violetta"]
[Result "1-0"]
[WhiteElo "1690"]
[BlackElo "1140"]
[PlyCount "75"]
[EventDate "2018.05.01"]

1. e4 e5 2. Nf3 Nc6 3. Bb5 Nge7 4. O-O g6 5. c3 a6 6. Ba4 b5 7. Bb3 Bg7 8. Re1
O-O 9. d4 d6 10. h3 Na5 11. Bc2 f5 12. exf5 Bxf5 13. dxe5 dxe5 14. Nbd2 Nec6
15. Ne4 Qe7 16. Bg5 Qe6 17. b4 Nc4 18. Qe2 Nd6 19. Bb3 Nc4 20. Ned2 Qe8 21.
Nxc4 bxc4 22. Qxc4+ Kh8 23. Ba4 Bd7 24. Rad1 Na5 25. Bxd7 Qxd7 26. bxa5 Qf5 27.
Qe4 Qe6 28. Nxe5 Rf5 29. Qxa8+ Rf8 30. Qd5 Qf5 31. Nf3 Qc2 32. Qd7 Rg8 33. Re7
Qxc3 34. Bh6 c5 35. Bxg7+ Rxg7 36. Qe8+ Rg8 37. Qxg8+ Kxg8 38. Rd8# 1-0

[Event "Team G15 chess final 2018"]
[Site "Sochi"]
[Date "2018.05.05"]
[Round "4.1"]
[White "Mikheeva, Galina"]
[Black "Nur-Mukhametova, Alisa"]
[Result "0-1"]
[WhiteElo "1744"]
[BlackElo "1791"]
[PlyCount "60"]
[EventDate "2018.05.01"]

1. e4 e6 2. d4 d5 3. e5 c5 4. c3 Qb6 5. Nf3 Nc6 6. a3 Nh6 7. b4 cxd4 8. Bxh6
gxh6 9. cxd4 Bd7 10. Ra2 Rc8 11. Rc2 Bg7 12. Bd3 Ke7 13. Rc5 a5 14. bxa5 Qa7
15. Kf1 Nxd4 16. Rxc8 Rxc8 17. Nbd2 Nxf3 18. Nxf3 Qxa5 19. Ke2 Qxa3 20. Qa1 Ra8
21. Qxa3+ Rxa3 22. Rb1 Ra2+ 23. Ke3 Ra7 24. Kd4 Kd8 25. Rb2 f6 26. Rb4 Ra3 27.
Bxh7 Kc7 28. Bb1 b5 29. exf6 Bxf6+ 30. Ne5 Be7 0-1

[Event "Team G15 chess final 2018"]
[Site "Sochi"]
[Date "2018.05.05"]
[Round "4.2"]
[White "Zvereva, Margarita"]
[Black "Bronnikova, Ekaterina"]
[Result "1-0"]
[WhiteElo "1772"]
[BlackElo "1348"]
[PlyCount "43"]
[EventDate "2018.05.01"]

1. e4 c5 2. Nf3 g6 3. c3 Bg7 4. d4 cxd4 5. cxd4 Nc6 6. Nc3 d6 7. h3 Nf6 8. Be3
O-O 9. Be2 Bd7 10. Qd2 Rc8 11. Bh6 Qb6 12. Bxg7 Kxg7 13. O-O a6 14. Rac1 Qd8
15. Rfd1 b5 16. e5 Ne8 17. Qf4 dxe5 18. dxe5 e6 19. Ne4 Qc7 20. Nf6 Nxf6 21.
exf6+ Kh8 22. Qh6 1-0

[Event "Team G15 chess final 2018"]
[Site "Sochi"]
[Date "2018.05.05"]
[Round "4.3"]
[White "Glushkova, Milana"]
[Black "Efendieva, Alina"]
[Result "0-1"]
[WhiteElo "1262"]
[BlackElo "1692"]
[PlyCount "58"]
[EventDate "2018.05.01"]

1. e4 e5 2. Nf3 Nc6 3. d4 exd4 4. Nxd4 Bc5 5. Be3 Qf6 6. c3 Nge7 7. Bc4 Ne5 8.
Be2 d5 9. O-O dxe4 10. Nd2 Bb6 11. Nxe4 Qg6 12. Ng3 Ng4 13. Bf4 Bd7 14. h3 Nh6
15. Bd3 f5 16. Qd2 O-O-O 17. Rae1 Rde8 18. Be2 Nf7 19. Bh5 Qf6 20. Qd3 g6 21.
Bf3 h5 22. Nge2 g5 23. Bh2 g4 24. hxg4 hxg4 25. Bxg4 fxg4 26. Qg3 Ng5 27. Nf4
Rh7 28. a4 Reh8 29. Rxe7 Rxh2 0-1

[Event "Team G15 chess final 2018"]
[Site "Sochi"]
[Date "2018.05.05"]
[Round "4.4"]
[White "Ochirova, Anita"]
[Black "Kir, Polina"]
[Result "1-0"]
[WhiteElo "1691"]
[BlackElo "1357"]
[PlyCount "119"]
[EventDate "2018.05.01"]

1. e4 c5 2. g3 Nc6 3. Bg2 g6 4. Ne2 Bg7 5. c3 e5 6. O-O Nge7 7. d3 O-O 8. Be3
d6 9. h3 f5 10. Nd2 Be6 11. f4 Qd7 12. Kh2 Rad8 13. Rh1 b6 14. Qg1 d5 15. fxe5
d4 16. cxd4 cxd4 17. Bf4 Nxe5 18. Bxe5 Bxe5 19. Nf3 Bg7 20. Nf4 fxe4 21. Nxe6
Qxe6 22. Ng5 Qe5 23. Nxe4 Qb5 24. Qe1 Nf5 25. Qe2 Ne3 26. Rhc1 Nxg2 27. Kxg2
Rc8 28. Kh2 Qe5 29. Qg4 Rxc1 30. Rxc1 Qb5 31. Qe2 Qe5 32. Qc2 Qa5 33. Qb3+ Kh8
34. Qe6 Qh5 35. Nd6 Qf3 36. Rg1 Qf6 37. Qd7 Qf2+ 38. Rg2 Qf6 39. Ne8 Qf7 40.
Qxf7 Rxf7 41. Rc2 Rf8 42. Nxg7 Kxg7 43. Rc7+ Kg8 44. Kg2 Rf7 45. Rxf7 Kxf7 46.
Kf3 h5 47. Ke4 Ke6 48. Kxd4 Kd6 49. Ke4 Ke6 50. d4 b5 51. b4 a6 52. d5+ Kd6 53.
h4 Kd7 54. Ke5 Ke7 55. d6+ Kd7 56. Kd5 Kd8 57. Ke6 Ke8 58. d7+ Kd8 59. a3 Kc7
60. Ke7 1-0

[Event "Team G15 chess final 2018"]
[Site "Sochi"]
[Date "2018.05.05"]
[Round "4.1"]
[White "Murzina, Agata"]
[Black "Surovtseva, Alisa"]
[Result "1/2-1/2"]
[WhiteElo "1765"]
[BlackElo "1688"]
[PlyCount "114"]
[EventDate "2018.05.01"]

1. e4 e5 2. Nf3 Nc6 3. Bc4 Nf6 4. d3 Be7 5. c3 d5 6. exd5 Nxd5 7. Qb3 O-O 8.
Bxd5 Na5 9. Qb5 c6 10. Bxf7+ Rxf7 11. Qxe5 Bf6 12. Qe2 Bf5 13. d4 Re7 14. Be3
c5 15. Nbd2 cxd4 16. cxd4 Nc6 17. Qc4+ Be6 18. Qa4 b5 19. Qxb5 Nxd4 20. Nxd4
Bxd4 21. Qd3 Bxe3 22. Qxd8+ Rxd8 23. fxe3 Bd5 24. Kf2 Bxg2 25. Rhd1 Red7 26.
Ke2 Bc6 27. Ke1 Bd5 28. a3 Kf8 29. Nf1 Ke8 30. Rd4 Bf3 31. Kf2 Rxd4 32. exd4
Bh5 33. Ng3 Bg6 34. Re1+ Kf7 35. Ke3 Re8+ 36. Kd2 Rd8 37. Ne2 Rd7 38. b4 Rc7
39. Nc3 Rd7 40. d5 a6 41. Re6 Rxd5+ 42. Nxd5 Kxe6 43. Nc7+ Kd6 44. Nxa6 Be8 45.
Nc5 Bc6 46. Ke3 h6 47. Kd4 g5 48. a4 g4 49. b5 Ba8 50. b6 Kc6 51. a5 h5 52. Ne6
h4 53. Ke3 g3 54. hxg3 hxg3 55. Nd8+ Kb5 56. b7 Bxb7 57. Nxb7 Ka6 1/2-1/2

[Event "Team G15 chess final 2018"]
[Site "Sochi"]
[Date "2018.05.05"]
[Round "4.2"]
[White "Patokova, Viktoriya"]
[Black "Akulova, Taisiya"]
[Result "0-1"]
[WhiteElo "1495"]
[BlackElo "1719"]
[PlyCount "118"]
[EventDate "2018.05.01"]

1. e4 e5 2. Nf3 Nc6 3. Bb5 a6 4. Ba4 Nf6 5. d3 b5 6. Bb3 Be7 7. c3 O-O 8. O-O
d5 9. Qe2 dxe4 10. dxe4 Bg4 11. Rd1 Qc8 12. Bg5 Na5 13. Bc2 Nd5 14. Rxd5 Bxg5
15. Rxe5 Bf4 16. Rd5 c6 17. Rd1 Nc4 18. b3 Ne5 19. Nbd2 Bxd2 20. Rxd2 Bxf3 21.
gxf3 Qh3 22. Bd1 Rad8 23. Rxd8 Rxd8 24. f4 Qxc3 25. Rb1 Rd2 26. Qe3 Qxe3 27.
fxe3 Nd3 28. Bf3 Kf8 29. Rd1 Rxd1+ 30. Bxd1 c5 31. Kf1 c4 32. bxc4 bxc4 33. a3
Ke7 34. Ke2 Nc5 35. Bc2 c3 36. h3 Kd6 37. h4 g6 38. Kf3 a5 39. a4 Nd7 40. Kg4
f6 41. h5 gxh5+ 42. Kxh5 Nc5 43. Kh6 Ke7 44. Kxh7 Na6 45. e5 fxe5 46. fxe5 Nb4
47. Bb3 c2 48. Bxc2 Nxc2 49. Kg6 Ke6 50. Kg5 Kxe5 51. Kg4 Ke4 52. Kg5 Nxe3 53.
Kf6 Kd5 54. Kg5 Kc4 55. Kf4 Nd1 56. Ke4 Nc3+ 57. Ke3 Nxa4 58. Kd2 Kb3 59. Kd3
Nc3 0-1

[Event "Team G15 chess final 2018"]
[Site "Sochi"]
[Date "2018.05.05"]
[Round "4.3"]
[White "Laukhina, Margarita A"]
[Black "Sautina, Elizaveta"]
[Result "1-0"]
[WhiteElo "1529"]
[BlackElo "1137"]
[PlyCount "41"]
[EventDate "2018.05.01"]

1. d4 f5 2. c4 Nf6 3. Nc3 e6 4. Qc2 Bb4 5. Bg5 O-O 6. e3 d6 7. a3 Bxc3+ 8. Qxc3
b6 9. f3 Nbd7 10. Bd3 Bb7 11. Ne2 Qe8 12. Qc2 Qg6 13. Bxf6 Nxf6 14. O-O Qh6 15.
Qd2 g5 16. Rf2 g4 17. Nf4 c5 18. Nxe6 Rf7 19. Bxf5 gxf3 20. gxf3 Qh5 21. e4 1-0

[Event "Team G15 chess final 2018"]
[Site "Sochi"]
[Date "2018.05.05"]
[Round "4.4"]
[White "Dolinskaya, Mariia"]
[Black "Gurova, Tatiana"]
[Result "1-0"]
[WhiteElo "1257"]
[BlackElo "1368"]
[PlyCount "85"]
[EventDate "2018.05.01"]

1. e4 e6 2. d4 d5 3. Nd2 Nf6 4. e5 Nfd7 5. Bd3 c5 6. c3 Nc6 7. Ne2 Qb6 8. Nf3
cxd4 9. cxd4 f6 10. exf6 Nxf6 11. Nc3 a6 12. O-O Bd6 13. Re1 O-O 14. Na4 Qc7
15. Bg5 e5 16. dxe5 Nxe5 17. Nxe5 Bxe5 18. h3 Bh2+ 19. Kh1 Bf4 20. Bxf6 gxf6
21. Qh5 Be5 22. Rac1 Qg7 23. Nb6 Rb8 24. Nxd5 Bd7 25. Be4 Bxb2 26. Rc2 f5 27.
Bf3 Rbe8 28. Rce2 Rxe2 29. Rxe2 Ba3 30. Re1 Bd6 31. Qh4 Bc6 32. Ne7+ Kh8 33.
Nxc6 bxc6 34. Bxc6 Qc3 35. Rd1 Qxc6 36. Qd4+ Kg8 37. Qxd6 Qa4 38. Qe6+ Kh8 39.
Rd7 Qb5 40. Qe7 Qb1+ 41. Kh2 Qb8+ 42. g3 Qb2 43. Qxh7# 1-0

[Event "Team G15 chess final 2018"]
[Site "Sochi"]
[Date "2018.05.07"]
[Round "5.1"]
[White "Surovtseva, Alisa"]
[Black "Zelenskaya, Anastasiya"]
[Result "0-1"]
[WhiteElo "1688"]
[BlackElo "1581"]
[PlyCount "64"]
[EventDate "2018.05.01"]

1. e4 c5 2. Nf3 e6 3. c4 Nc6 4. Nc3 Nd4 5. Be2 Ne7 6. d3 Nec6 7. Nxd4 cxd4 8.
Nb1 b5 9. cxb5 Qa5+ 10. Nd2 Qxb5 11. O-O Be7 12. Bf3 O-O 13. Nc4 e5 14. Re1 a5
15. a3 a4 16. Bd2 Ba6 17. Bg4 Ra7 18. Rc1 Rb8 19. Qc2 Qb3 20. Qxb3 Rxb3 21.
Red1 Rxd3 22. Be2 Rb3 23. Bf1 Bxc4 24. Bxc4 Rxb2 25. Bd5 Bxa3 26. Bxc6 Rxd2 27.
Rxd2 Bxc1 28. Rc2 dxc6 29. Rxc1 a3 30. Rxc6 Kf8 31. Rc1 a2 32. Ra1 Rb7 0-1

[Event "Team G15 chess final 2018"]
[Site "Sochi"]
[Date "2018.05.07"]
[Round "5.2"]
[White "Tokmakova, Ulyana"]
[Black "Patokova, Viktoriya"]
[Result "1-0"]
[WhiteElo "1627"]
[BlackElo "1495"]
[PlyCount "61"]
[EventDate "2018.05.01"]

1. e4 e5 2. Nf3 Nc6 3. Bb5 a6 4. Ba4 Nf6 5. O-O Be7 6. Re1 d6 7. h3 b5 8. Bb3
Na5 9. c3 Nxb3 10. axb3 c5 11. d4 cxd4 12. cxd4 Qc7 13. Bd2 Bb7 14. Ba5 Qc6 15.
Nc3 exd4 16. Nxd4 Qd7 17. Nf5 O-O 18. Qd2 Rfe8 19. Qd3 Nxe4 20. Nxe7+ Qxe7 21.
f3 Nc5 22. Rxe7 Nxd3 23. Rxb7 Nxb2 24. Rd7 h6 25. Rxd6 Re3 26. Ra2 Nd3 27. Nd1
Rae8 28. Nxe3 Rxe3 29. Bd2 Nc1 30. Bxe3 Nxa2 31. Bd2 1-0

[Event "Team G15 chess final 2018"]
[Site "Sochi"]
[Date "2018.05.07"]
[Round "5.3"]
[White "Sautina, Elizaveta"]
[Black "Asatryan, Maria"]
[Result "0-1"]
[WhiteElo "1137"]
[BlackElo "1395"]
[PlyCount "122"]
[EventDate "2018.05.01"]

1. d4 Nf6 2. Bf4 d6 3. e3 Nbd7 4. Nf3 c5 5. c3 g6 6. h3 Bg7 7. Be2 O-O 8. O-O
a6 9. Nbd2 b5 10. a3 Bb7 11. Qc2 Rc8 12. Rac1 Qb6 13. Rfd1 cxd4 14. exd4 Nd5
15. Bh2 Rc7 16. Qb3 Rfc8 17. Re1 Nf8 18. Rcd1 Ne6 19. Nf1 Qa7 20. Bd3 Nf6 21.
N3d2 Bd5 22. Qb4 Nd8 23. a4 a5 24. Qa3 bxa4 25. Qxa4 Qb7 26. Qa3 Bxg2 27. Ne3
Bxh3 28. Bf1 Bxf1 29. Ndxf1 Rb8 30. Rb1 Qa8 31. Nd2 Nd5 32. Nxd5 Qxd5 33. f3
Qg5+ 34. Kf2 Qxd2+ 35. Re2 Qg5 36. Rbe1 Ne6 37. Re4 Qb5 38. R1e2 Rc4 39. Qa1
Ra4 40. Qd1 Rb7 41. Rc2 d5 42. Ree2 Ra2 43. Qb1 Ra4 44. Qd1 Rc4 45. Rc1 Bh6 46.
Rcc2 Qd7 47. Qa1 Rb5 48. Qa2 Bg5 49. b3 Rc8 50. Qa4 Qb7 51. Rb2 Rxc3 52. Re1
Rcxb3 53. Rxb3 Rxb3 54. Qe8+ Kg7 55. Be5+ f6 56. Bxf6+ Bxf6 57. Rxe6 Bxd4+ 58.
Kg3 Bf6 59. Qd8 d4 60. Rxf6 exf6 61. Kh2 Qb8+ 0-1

[Event "Team G15 chess final 2018"]
[Site "Sochi"]
[Date "2018.05.07"]
[Round "5.4"]
[White "Kamaeva, Dzhamilya"]
[Black "Dolinskaya, Mariia"]
[Result "1-0"]
[WhiteElo "1541"]
[BlackElo "1257"]
[PlyCount "119"]
[EventDate "2018.05.01"]

1. d4 Nf6 2. e3 d5 3. Bd3 c5 4. b3 Nc6 5. Bb2 e6 6. Nf3 Be7 7. a3 O-O 8. O-O b6
9. Nbd2 Bb7 10. Qe2 a5 11. dxc5 bxc5 12. e4 Qc7 13. Rfe1 Rfe8 14. h3 Nd7 15.
Nh2 d4 16. g3 e5 17. Rf1 Bd6 18. Nc4 Nf8 19. Bc1 Bc8 20. Qh5 Ng6 21. f4 exf4
22. Nxd6 Qxd6 23. gxf4 Qe7 24. Nf3 Ba6 25. Rf2 Bxd3 26. cxd3 f6 27. Rc2 Reb8
28. Qd5+ Qf7 29. Qxc6 Qxb3 30. Qxc5 Rc8 31. Qd5+ Qxd5 32. Rxc8+ Rxc8 33. exd5
Rd8 34. Kf2 Rxd5 35. Kg3 Rc5 36. Bd2 a4 37. Nxd4 Ne7 38. Rc1 Rd5 39. Rc4 Nf5+
40. Nxf5 Rxf5 41. Rxa4 Rd5 42. d4 Kf7 43. Kf3 Rh5 44. Ke4 Rb5 45. Rb4 f5+ 46.
Kd3 Rd5 47. Kc4 Rd7 48. Rb5 Ra7 49. Rxf5+ Ke6 50. Re5+ Kd6 51. Bb4+ Kc6 52.
Re6+ Kb7 53. Re7+ Kb8 54. Rxa7 Kxa7 55. d5 Kb7 56. d6 Kc6 57. a4 Kd7 58. a5 Kc6
59. a6 Kb6 60. d7 1-0

[Event "Team G15 chess final 2018"]
[Site "Sochi"]
[Date "2018.05.07"]
[Round "5.1"]
[White "Nur-Mukhametova, Alisa"]
[Black "Murzina, Agata"]
[Result "1-0"]
[WhiteElo "1791"]
[BlackElo "1765"]
[PlyCount "47"]
[EventDate "2018.05.01"]

1. Nf3 Nf6 2. g3 c5 3. Bg2 d5 4. c4 d4 5. e3 Nc6 6. exd4 Nxd4 7. Nxd4 Qxd4 8.
Qa4+ Bd7 9. Qb3 Bc6 10. Bxc6+ bxc6 11. O-O O-O-O 12. Nc3 h5 13. Qa4 Kb7 14. b4
e5 15. b5 Qd7 16. bxc6+ Qxc6 17. Rb1+ Kc7 18. Qxa7+ Kd6 19. Rb6 h4 20. Nb5+ Ke6
21. Rxc6+ Kf5 22. Qxf7 hxg3 23. fxg3+ Ke4 24. Qg6# 1-0

[Event "Team G15 chess final 2018"]
[Site "Sochi"]
[Date "2018.05.07"]
[Round "5.2"]
[White "Akulova, Taisiya"]
[Black "Zvereva, Margarita"]
[Result "1-0"]
[WhiteElo "1719"]
[BlackElo "1772"]
[PlyCount "91"]
[EventDate "2018.05.01"]

1. e4 c5 2. Nf3 d6 3. d4 cxd4 4. Nxd4 Nf6 5. Nc3 a6 6. Bg5 Nbd7 7. Qd2 b6 8. g3
Bb7 9. Bg2 e6 10. f4 Qc7 11. O-O-O Be7 12. Rhe1 b5 13. e5 dxe5 14. fxe5 b4 15.
Ncb5 axb5 16. exf6 Nxf6 17. Bxf6 gxf6 18. Nxb5 Qc8 19. Bxb7 Qxb7 20. Nd6+ Bxd6
21. Qxd6 Qc8 22. Kb1 Rb8 23. Re4 Qb7 24. Rc4 Rc8 25. Rxc8+ Qxc8 26. Qxb4 Rg8
27. Rd6 Rg5 28. Rb6 Rd5 29. a4 Qc5 30. Qxc5 Rxc5 31. b4 Rc8 32. a5 Ra8 33. Rd6
Ke7 34. Rd3 e5 35. Kc1 e4 36. Rd4 f5 37. Kd2 Ke6 38. c4 h5 39. Ke3 Rc8 40. a6
Rc7 41. b5 Ra7 42. c5 h4 43. c6 hxg3 44. hxg3 Ra8 45. c7 Rc8 46. b6 1-0

[Event "Team G15 chess final 2018"]
[Site "Sochi"]
[Date "2018.05.07"]
[Round "5.3"]
[White "Efendieva, Alina"]
[Black "Laukhina, Margarita A"]
[Result "1-0"]
[WhiteElo "1692"]
[BlackElo "1529"]
[PlyCount "77"]
[EventDate "2018.05.01"]

1. e4 c5 2. Nf3 Nc6 3. d4 cxd4 4. Nxd4 Nf6 5. Nc3 e5 6. Ndb5 d6 7. Bg5 a6 8.
Na3 b5 9. Nd5 Be7 10. Bxf6 gxf6 11. Qh5 Be6 12. Bd3 O-O 13. c3 Kh8 14. f3 Rg8
15. g4 Rg6 16. h4 Qf8 17. g5 fxg5 18. hxg5 Qg7 19. f4 exf4 20. Nxe7 Rxg5 21.
Qxh7+ Qxh7 22. Rxh7+ Kxh7 23. Nxc6 Rg1+ 24. Bf1 Bh3 25. Kf2 Rxf1+ 26. Rxf1 Bxf1
27. Kxf1 Re8 28. Nb4 Rxe4 29. Nxa6 f3 30. Nb4 Re5 31. Kf2 Kg6 32. Kxf3 Kg5 33.
Nc6 Rf5+ 34. Kg3 Rd5 35. Nd4 b4 36. Nf3+ Kf5 37. cxb4 Ke6 38. Nc4 Rb5 39. Nd4+
1-0

[Event "Team G15 chess final 2018"]
[Site "Sochi"]
[Date "2018.05.07"]
[Round "5.4"]
[White "Gurova, Tatiana"]
[Black "Kokueva, Alisa"]
[Result "0-1"]
[WhiteElo "1368"]
[BlackElo "1632"]
[PlyCount "58"]
[EventDate "2018.05.01"]

1. d4 d5 2. c4 e6 3. Nc3 Be7 4. cxd5 exd5 5. Qc2 Nf6 6. Bg5 c6 7. e3 Bg4 8. Bd3
Bh5 9. Nge2 Bg6 10. Bxg6 hxg6 11. O-O-O Nbd7 12. f3 Nb6 13. e4 dxe4 14. fxe4
Ng4 15. Bxe7 Qxe7 16. Rde1 O-O 17. d5 Ne3 18. Qb3 cxd5 19. Nb5 Qc5+ 20. Kb1
Nbc4 21. Kc1 dxe4 22. Nbd4 Nxg2 23. Reg1 Nge3 24. Qc3 Nd5 25. Qc2 Nb4 26. Nb3
Qe3+ 27. Kb1 Nxc2 28. Kxc2 Qxe2+ 29. Kc1 Qxb2+ 0-1

[Event "Team G15 chess final 2018"]
[Site "Sochi"]
[Date "2018.05.07"]
[Round "5.1"]
[White "Mikhailova, Yuliya"]
[Black "Mikheeva, Galina"]
[Result "1/2-1/2"]
[WhiteElo "1959"]
[BlackElo "1744"]
[PlyCount "80"]
[EventDate "2018.05.01"]

1. Nf3 f5 2. d3 Nc6 3. d4 d5 4. c4 e6 5. Nc3 g6 6. Bg5 Qd7 7. h4 h6 8. Bf4 dxc4
9. e3 Nf6 10. Bxc4 a6 11. Rc1 Bg7 12. a3 Ne7 13. Qb3 Nfd5 14. Bxd5 exd5 15. Na4
Qb5 16. Qd1 Bd7 17. Nc5 c6 18. Qd2 O-O-O 19. a4 Qb6 20. b4 Rdg8 21. Ke2 Bf6 22.
Qd3 Kd8 23. b5 axb5 24. axb5 Qxb5 25. Qxb5 cxb5 26. Nxd7 Kxd7 27. Rc7+ Ke6 28.
Rxb7 Rc8 29. Rd1 Rc2+ 30. Rd2 Rxd2+ 31. Kxd2 Ra8 32. Rxb5 Ra2+ 33. Ke1 Ra1+ 34.
Ke2 Ra2+ 35. Nd2 Bxh4 36. Bxh6 Nc8 37. Rb8 Nd6 38. g3 Bxg3 39. fxg3 Ne4 40.
Rb6+ Kf7 1/2-1/2

[Event "Team G15 chess final 2018"]
[Site "Sochi"]
[Date "2018.05.07"]
[Round "5.2"]
[White "Bronnikova, Ekaterina"]
[Black "Baisheva, Nyurguiaana"]
[Result "0-1"]
[WhiteElo "1348"]
[BlackElo "1778"]
[PlyCount "120"]
[EventDate "2018.05.01"]

1. e4 e5 2. Nf3 Nc6 3. Bb5 a6 4. Bxc6 dxc6 5. d4 exd4 6. Qxd4 Qxd4 7. Nxd4 Nf6
8. f3 Bc5 9. Be3 Bb6 10. Nc3 Bd7 11. O-O-O h6 12. Rhe1 Ba5 13. Nde2 O-O-O 14.
Rd2 b5 15. a3 Be6 16. Rxd8+ Rxd8 17. Rd1 Bc4 18. Rxd8+ Kxd8 19. Kd1 Kd7 20. b4
Bxe2+ 21. Nxe2 Bb6 22. Bxb6 cxb6 23. Kd2 Ne8 24. e5 c5 25. c3 Ke6 26. f4 g5 27.
g3 Nc7 28. Ke3 Kf5 29. Kf3 Nd5 30. g4+ Ke6 31. Ke4 Ne7 32. f5+ Kd7 33. Nc1 Kc6
34. Na2 Nd5 35. Kd3 Nf4+ 36. Ke4 Ne2 37. Ke3 Nf4 38. Ke4 Nh3 39. Nc1 Nf2+ 40.
Kf3 Nd1 41. Ne2 Kd5 42. e6 fxe6 43. f6 Kd6 44. Ke4 a5 45. f7 Ke7 46. Ke5 Kxf7
47. Kd6 axb4 48. axb4 cxb4 49. cxb4 Ne3 50. h3 Nd5 51. Nd4 Nxb4 52. Nxb5 Nd3
53. Nd4 Nf4 54. Ke5 Nxh3 55. Nxe6 Nf2 56. Kf5 Nxg4 57. Nxg5+ hxg5 58. Kxg5 Ne5
59. Kf5 Nd7 60. Ke4 Ke6 0-1

[Event "Team G15 chess final 2018"]
[Site "Sochi"]
[Date "2018.05.07"]
[Round "5.3"]
[White "Moiseeva, Olesya"]
[Black "Kolinchenko, Sofia"]
[Result "1-0"]
[WhiteElo "1753"]
[BlackElo "1351"]
[PlyCount "97"]
[EventDate "2018.05.01"]

1. e4 d5 2. exd5 Qxd5 3. Nc3 Qd8 4. d4 Nf6 5. Be3 Bg4 6. Be2 Bxe2 7. Ngxe2 e6
8. O-O Be7 9. Ng3 c6 10. Qe2 Nbd7 11. f4 g6 12. Nce4 Qc7 13. a3 h5 14. Ng5 h4
15. Nh1 Nd5 16. c4 Nxe3 17. Qxe3 Nf6 18. Qe5 Qxe5 19. fxe5 Nh5 20. Nxf7 Rh7 21.
Nd6+ Bxd6 22. exd6 Kd7 23. c5 b6 24. g4 hxg3 25. Nxg3 Re8 26. Rae1 bxc5 27.
dxc5 Nxg3 28. hxg3 e5 29. Re3 Ke6 30. b4 Rf7 31. Rxf7 Kxf7 32. Rd3 Rd8 33. Kf2
Ke6 34. Ke3 Rd7 35. Ke4 a6 36. a4 Kf6 37. b5 axb5 38. axb5 cxb5 39. c6 Ra7 40.
d7 Ra4+ 41. Ke3 Rd4 42. d8=Q+ Rxd8 43. Rxd8 b4 44. c7 b3 45. c8=Q b2 46. Rf8+
Kg5 47. Qd8+ Kh6 48. Rh8+ Kg7 49. Qf8# 1-0

[Event "Team G15 chess final 2018"]
[Site "Sochi"]
[Date "2018.05.07"]
[Round "5.4"]
[White "Kir, Polina"]
[Black "Andreeva, Anastasiia"]
[Result "0-1"]
[WhiteElo "1357"]
[BlackElo "1578"]
[PlyCount "86"]
[EventDate "2018.05.01"]

1. e4 e6 2. d4 d5 3. exd5 exd5 4. Bd3 Bd6 5. Qf3 c6 6. Ne2 Qf6 7. Qxf6 Nxf6 8.
h3 O-O 9. O-O Be6 10. Bf4 Be7 11. Nd2 Nbd7 12. Nf3 Ne4 13. Ne5 f6 14. Nxd7 Bxd7
15. f3 Nd6 16. Ng3 g5 17. Rfe1 Nc8 18. Bf5 gxf4 19. Bxd7 Bb4 20. Be6+ Kh8 21.
c3 Bxc3 22. bxc3 fxg3 23. Bxc8 Rfxc8 24. Re6 c5 25. Rxf6 cxd4 26. cxd4 Rc2 27.
Rf5 Rac8 28. Re1 Rc1 29. Rfe5 Rxe1+ 30. Rxe1 b5 31. Kf1 a5 32. Rb1 b4 33. Re1
a4 34. Rb1 Rc4 35. Rd1 b3 36. axb3 axb3 37. Rb1 Rc3 38. Ke2 Rc2+ 39. Kf1 b2 40.
Re1 Rc1 41. Rxc1 bxc1=Q+ 42. Ke2 Qf4 43. Kd3 Kg7 0-1

[Event "Team G15 chess final 2018"]
[Site "Sochi"]
[Date "2018.05.07"]
[Round "5.1"]
[White "Girshgorn, Maria"]
[Black "Balalaeva, Agata"]
[Result "1-0"]
[WhiteElo "1911"]
[BlackElo "1018"]
[PlyCount "119"]
[EventDate "2018.05.01"]
[WhiteTeam "СШ "]

1. d4 Nf6 2. Nf3 b6 3. g3 d5 4. Bg2 Nc6 5. O-O Bg4 6. Nbd2 Qd6 7. c4 e6 8. h3
Bf5 9. b3 Be7 10. Bb2 O-O 11. Ne5 Ne4 12. Ndf3 f6 13. Nxc6 Qxc6 14. Rc1 Qd7 15.
Nh4 c5 16. Nxf5 exf5 17. dxc5 Bxc5 18. Bxe4 fxe4 19. Qxd5+ Qxd5 20. cxd5 Rfe8
21. e3 Rad8 22. Rfd1 Bd6 23. Kf1 Be5 24. Bxe5 Rxe5 25. d6 Rc5 26. Rxc5 bxc5 27.
Rd5 Kf8 28. Rxc5 Rxd6 29. g4 g5 30. Rc7 Ra6 31. a4 Kg8 32. Re7 Rb6 33. Rxe4
Rxb3 34. Re7 Rb1+ 35. Kg2 a5 36. Ra7 Rb4 37. Rxa5 Kg7 38. Ra8 Kg6 39. a5 Ra4
40. a6 h5 41. a7 Kf7 42. gxh5 Kg7 43. Kf3 Kh7 44. Ke2 Ra3 45. Kd2 f5 46. Rf8
Rxa7 47. Rxf5 Rd7+ 48. Ke2 Kh6 49. Rc5 Rd8 50. Kf3 Kxh5 51. Kg3 Kg6 52. Kg4 Rf8
53. Rxg5+ Kh7 54. f4 Rc8 55. e4 Rc1 56. e5 Rg1+ 57. Kf5 Rh1 58. e6 Rxh3 59. e7
Re3 60. Kf6 1-0

[Event "Team G15 chess final 2018"]
[Site "Sochi"]
[Date "2018.05.07"]
[Round "5.2"]
[White "Romanenkova, Ekaterina"]
[Black "Vyrtosu, Natalia"]
[Result "0-1"]
[WhiteElo "1124"]
[BlackElo "1924"]
[PlyCount "68"]
[EventDate "2018.05.01"]
[BlackTeam "СШ "]

1. d4 Nf6 2. Nf3 e6 3. e3 c5 4. c4 cxd4 5. exd4 d5 6. b3 Ne4 7. Bd3 Bb4+ 8.
Nbd2 O-O 9. O-O f5 10. Ne5 Bc3 11. Rb1 Bxd4 12. Bb2 Qb6 13. Nxe4 Bxb2 14. c5
Qc7 15. Rxb2 Qxe5 16. Ng5 Qxb2 17. Re1 Qf6 18. f4 Nc6 19. Qe2 Bd7 20. Bb5 h6
21. Bxc6 Bxc6 22. Qxe6+ Qxe6 23. Nxe6 Rae8 24. Kf2 Rf6 25. Nd4 Rxe1 26. Kxe1 g5
27. fxg5 hxg5 28. Nxc6 Rxc6 29. Ke2 Rxc5 30. Kd3 Kf7 31. Kd4 b6 32. b4 Rc4+ 33.
Kxd5 Rxb4 34. Kc6 Ra4 0-1

[Event "Team G15 chess final 2018"]
[Site "Sochi"]
[Date "2018.05.08"]
[Round "6.1"]
[White "Zelenskaya, Anastasiya"]
[Black "Balalaeva, Agata"]
[Result "1-0"]
[WhiteElo "1581"]
[BlackElo "1018"]
[PlyCount "69"]
[EventDate "2018.05.01"]

1. e4 e6 2. d4 d5 3. Nd2 c5 4. Ngf3 Bd7 5. dxc5 Bxc5 6. exd5 exd5 7. Nb3 Qe7+
8. Be2 Bb5 9. Nxc5 Bxe2 10. Qxe2 b6 11. Qxe7+ Nxe7 12. Nd3 Nbc6 13. O-O O-O-O
14. Bg5 f6 15. Bf4 g5 16. Bg3 h5 17. h4 Nf5 18. hxg5 h4 19. Bf4 Rdg8 20. gxf6
h3 21. g3 Ncd4 22. Nxd4 Nxd4 23. f3 Ne2+ 24. Kh2 Nxf4 25. Nxf4 Rg5 26. g4 Kd7
27. Rad1 Kd6 28. c4 Ke5 29. Nxd5 Ke6 30. Rfe1+ Kd7 31. Re7+ Kc6 32. b4 b5 33.
Rc7+ Kd6 34. c5+ Ke6 35. Re7# 1-0

[Event "Team G15 chess final 2018"]
[Site "Sochi"]
[Date "2018.05.08"]
[Round "6.2"]
[White "Romanenkova, Ekaterina"]
[Black "Tokmakova, Ulyana"]
[Result "0-1"]
[WhiteElo "1124"]
[BlackElo "1627"]
[PlyCount "56"]
[EventDate "2018.05.01"]

1. d4 Nf6 2. Nf3 b6 3. Bg5 Ne4 4. Bf4 Bb7 5. Nbd2 Nf6 6. c4 e6 7. Qc2 c5 8. e4
d6 9. Be2 cxd4 10. Bg5 e5 11. Nh4 h6 12. Bxf6 Qxf6 13. Nf5 g6 14. Ng3 h5 15.
Rf1 Bh6 16. Bd1 Nd7 17. b4 Rc8 18. Ne2 O-O 19. f4 exf4 20. Nxf4 Bxf4 21. g3
Bxd2+ 22. Qxd2 Qe5 23. Ba4 Qxe4+ 24. Kd1 Qg4+ 25. Ke1 Rfe8+ 26. Kf2 Qf3+ 27.
Kg1 Qh1+ 28. Kf2 Qxh2# 0-1

[Event "Team G15 chess final 2018"]
[Site "Sochi"]
[Date "2018.05.08"]
[Round "6.3"]
[White "Asatryan, Maria"]
[Black "Potatueva, Violetta"]
[Result "1-0"]
[WhiteElo "1395"]
[BlackElo "1140"]
[PlyCount "63"]
[EventDate "2018.05.01"]

1. d4 d5 2. Nf3 Nf6 3. c4 e6 4. g3 Bd6 5. Bg2 O-O 6. O-O b6 7. Nbd2 Bb7 8. Qc2
Ne4 9. Ne5 Nd7 10. Nxd7 Qxd7 11. Nxe4 dxe4 12. Bxe4 Bxe4 13. Qxe4 f5 14. Qg2
Rae8 15. f4 Rf6 16. e3 Rg6 17. Qf3 c5 18. dxc5 Bxc5 19. Rd1 Qa4 20. b3 Qa5 21.
Bb2 b5 22. cxb5 Qxb5 23. Bd4 Rc8 24. Rac1 Rc6 25. Bxc5 Rxc5 26. Qa8+ Kf7 27.
Qxa7+ Kf6 28. Qxc5 Qe2 29. Qd4+ e5 30. Qd6+ Kf7 31. Rc7+ Ke8 32. Qd8# 1-0